[Event "World Blitz 2025"]
[Site "Doha QAT"]
[Date "2025.12.29"]
[Round "9.48"]
[White "Tsaruk, Maksim"]
[Black "Shimanov, Aleksandr"]
[Result "1/2-1/2"]
[WhiteTitle "GM"]
[BlackTitle "GM"]
[WhiteElo "2515"]
[BlackElo "2578"]
[WhiteFideId "13511173"]
[BlackFideId "4198603"]
[EventDate "2025.12.29"]

1. e4 d5 2. exd5 Qxd5 3. Nc3 Qd8 4. d4 Nf6 5. Nf3 c6 6. g3 Bf5 7. Bg2 e6 8. O-O
h6 9. Ne2 Nbd7 10. c4 Be7 11. Nc3 O-O 12. Re1 Qc7 13. Bf4 Bd6 14. Be3 a6 15. c5
Be7 16. Bf4 Qd8 17. h3 Re8 18. g4 Bg6 19. Qb3 Qc8 20. Nd2 Nd5 21. Bg3 b6 22.
cxb6 N7xb6 23. Nxd5 Nxd5 24. a3 Bf6 25. Nc4 Qd7 26. Ne5 Bxe5 27. Bxe5 a5 28.
Rac1 a4 29. Qc4 Rec8 30. h4 h5 31. Qe2 f6 32. Bg3 Re8 33. gxh5 Bf5 34. h6 gxh6
35. Qc4 Rec8 36. Qe2 Kh7 37. Qf3 Rg8 38. Rc4 Ra6 39. Rec1 Qb7 40. Qe2 Rg7 41.
Kh2 Rb6 42. Qf3 Rxb2 43. Rxc6 Rb3 44. Qe2 Rxa3 45. Rxe6 Nf4 46. Bxb7 Nxe2 47.
Rxe2 Rxb7 48. d5 Rd3 49. d6 Kg6 50. Re8 a3 51. Ra8 Rb2 52. Ra1 Rbb3 53. Ra7 Rbc3
54. Ra5 Be4 55. d7 Rxd7 56. R5xa3 Rxa3 57. Rxa3 Rd1 58. f3 Rd2+ 59. Kg1 Bd5 60.
Bf2 Rc2 61. Kg2 Bc6 62. Kg3 Rc4 63. Be3 h5 64. Bd2 Rc2 65. Rc3 1/2-1/2

[Event "World Blitz 2025"]
[Site "Doha QAT"]
[Date "2025.12.29"]
[Round "9.49"]
[White "Stribuk, Artiom"]
[Black "Vokhidov, Shamsiddin"]
[Result "1-0"]
[WhiteTitle "IM"]
[BlackTitle "GM"]
[WhiteElo "2476"]
[BlackElo "2641"]
[WhiteFideId "13515659"]
[BlackFideId "14204223"]
[EventDate "2025.12.29"]

1. c4 Nf6 2. g3 e6 3. Bg2 d5 4. Nf3 Be7 5. O-O O-O 6. b3 c5 7. Bb2 Nc6 8. e3 b6
9. Nc3 Bb7 10. d3 Qd7 11. Qe2 d4 12. exd4 Nxd4 13. Nxd4 cxd4 14. Nb5 Bxg2 15.
Kxg2 Bc5 16. b4 a6 17. bxc5 axb5 18. cxb5 Qd5+ 19. Qf3 Qxc5 20. a4 Qc2 21. Bxd4
Nd5 22. Rfc1 Qb3 23. Qg4 g6 24. Qe4 Rfe8 25. Rc4 Rad8 26. Rac1 Qa2 27. R1c2 Qb1
28. Rc6 Ra8 29. R2c4 Rad8 30. h4 h5 31. Qe5 f6 32. Qe4 Kf7 33. Bxb6 Rd7 34. Bd4
e5 35. Be3 Qe1 36. Bc5 Qd2 37. Rd6 Nc3 38. Rxd7+ 1-0

[Event "World Blitz 2025"]
[Site "Doha QAT"]
[Date "2025.12.29"]
[Round "9.50"]
[White "Grandelius, Nils"]
[Black "Ohanyan, Emin"]
[Result "1-0"]
[WhiteTitle "GM"]
[BlackTitle "GM"]
[WhiteElo "2664"]
[BlackElo "2493"]
[WhiteFideId "1710400"]
[BlackFideId "13312022"]
[EventDate "2025.12.29"]

1. d4 d5 2. c4 c6 3. cxd5 cxd5 4. Bf4 Nc6 5. Nc3 Nf6 6. Nf3 a6 7. Ne5 Bf5 8. f3
h6 9. g4 Bh7 10. e3 e6 11. Qa4 Rc8 12. Nxc6 Rxc6 13. Bxa6 Qb6 14. Bb5 Be7 15.
Qa8+ Bd8 16. Bd6 Kd7 17. Bc5 Qc7 18. Bxc6+ bxc6 19. Qa6 Qb8 20. Qa7+ Bc7 21.
Qxb8 Rxb8 22. b4 Ne8 23. a3 Bd3 24. Kd2 Bc4 25. h3 e5 26. dxe5 Bxe5 27. Bd4 Bd6
28. Na4 f6 29. Nb6+ Ke6 30. Nxc4 dxc4 31. Kc3 Nc7 32. Kxc4 Nd5 33. Rhb1 h5 34.
b5 cxb5+ 35. Rxb5 Rc8+ 36. Kd3 hxg4 37. hxg4 Ra8 38. a4 Nb4+ 39. Kd2 Nc6 40. Bc3
Bc7 41. a5 Ra6 42. Ra4 Kd7 43. Rd5+ Ke6 44. Rc5 Kd6 45. Rac4 Bd8 46. Kd3 Nxa5
47. Bxa5 Bxa5 48. Ke4 Bd8 49. Rd5+ Ke7 50. Kf5 Ra7 51. Re4+ Kf7 52. Rxd8 1-0

[Event "World Blitz 2025"]
[Site "Doha QAT"]
[Date "2025.12.29"]
[Round "9.51"]
[White "Sychev, Klementy"]
[Black "Orozbaev, Eldiyar"]
[Result "1-0"]
[WhiteTitle "GM"]
[BlackTitle "IM"]
[WhiteElo "2517"]
[BlackElo "2348"]
[WhiteFideId "4114060"]
[BlackFideId "13802240"]
[EventDate "2025.12.29"]

1. e4 e6 2. d4 d5 3. e5 c5 4. c3 Nc6 5. Nf3 Nge7 6. Bd3 cxd4 7. cxd4 Nf5 8. Be3
Be7 9. Nc3 O-O 10. O-O f6 11. Bxf5 exf5 12. exf6 Bxf6 13. Qb3 Be6 14. Qxb7 Rc8
15. Rfe1 Bf7 16. Rac1 f4 17. Bxf4 Nxd4 18. Ne5 Ne6 19. Bg3 Nc5 20. Nxf7 Rxf7 21.
Qb5 Rb7 22. Qe2 d4 23. Ne4 d3 24. Nxf6+ Qxf6 25. Qg4 Qf8 26. Qc4+ Kh8 27. Red1
Rxb2 28. Rxd3 Rb4 29. Qxb4 Nxd3 30. Qxf8+ Rxf8 31. Rc7 a6 32. Ra7 Rc8 33. h4 h6
34. Rxa6 Rc1+ 35. Kh2 Rc2 36. f3 Kh7 37. a4 Ra2 38. a5 h5 1-0

[Event "World Blitz 2025"]
[Site "Doha QAT"]
[Date "2025.12.29"]
[Round "9.52"]
[White "Nurgaliyev, Sauat"]
[Black "Tabatabaei, M. Amin"]
[Result "0-1"]
[WhiteTitle "IM"]
[BlackTitle "GM"]
[WhiteElo "2437"]
[BlackElo "2700"]
[WhiteFideId "13726285"]
[BlackFideId "12521213"]
[EventDate "2025.12.29"]

1. e4 d6 2. d4 Nf6 3. Nc3 g6 4. Be3 Bg7 5. Qd2 c6 6. f3 b5 7. h4 Nbd7 8. O-O-O
Qa5 9. a3 Rb8 10. g4 Nb6 11. Na2 Qxd2+ 12. Rxd2 h5 13. g5 Nfd7 14. f4 d5 15. f5
dxe4 16. fxg6 fxg6 17. Nh3 Nd5 18. Re2 N7b6 19. Nf4 Bf5 20. c3 Nxe3 21. Rxe3 Nd5
22. Nxd5 cxd5 23. Nb4 e6 24. Na6 Rb6 25. Nc5 Ke7 26. Kd2 e5 27. Nb3 a5 28. dxe5
Bxe5 29. Nd4 b4 30. axb4 axb4 31. Be2 bxc3+ 32. bxc3 Bf4 33. Nxf5+ gxf5 34. Rf1
Rb2+ 35. Kc1 Rxe2 0-1

[Event "World Blitz 2025"]
[Site "Doha QAT"]
[Date "2025.12.29"]
[Round "9.53"]
[White "Adhiban, Baskaran"]
[Black "Shogdzhiev, Roman"]
[Result "1-0"]
[WhiteTitle "GM"]
[BlackTitle "IM"]
[WhiteElo "2557"]
[BlackElo "2403"]
[WhiteFideId "5018471"]
[BlackFideId "55653537"]
[EventDate "2025.12.29"]

1. d4 d5 2. Nf3 Nf6 3. c4 c6 4. Nc3 e6 5. g3 dxc4 6. e4 b5 7. Bg2 a6 8. e5 Nd5
9. Ng5 h6 10. Nge4 Bb7 11. O-O Nd7 12. Qg4 g6 13. Re1 b4 14. Na4 Qa5 15. b3 c3
16. a3 c5 17. dxc5 Nxe5 18. Qe2 Qb5 19. Nf6+ Nxf6 20. Qxe5 Bg7 21. c6 Qxe5 22.
Rxe5 Bc8 23. axb4 Nd5 24. Rxd5 exd5 25. Nb6 Rb8 26. Nxc8 Rxc8 27. Bxd5 O-O 28.
Kg2 Rfd8 29. Bf3 Rd1 30. Bxd1 c2 31. Bxc2 Bxa1 32. Be4 Be5 33. Bxh6 Bd6 34. Bd2
Kf8 35. h4 Ke7 36. g4 Kd8 37. h5 gxh5 38. gxh5 f5 39. Bxf5 Rxc6 40. h6 Be5 41.
h7 Ke7 42. Be3 Bg7 43. Bc5+ Kf7 44. Be4 Rc7 45. Bd3 Rc6 46. Kf3 a5 47. Be4 Rf6+
48. Ke2 axb4 49. Bxb4 Rb6 50. Bc5 Re6 51. Kd3 Re5 52. b4 Rh5 53. Kc4 Bf8 54. Bd4
Bg7 55. Bxg7 Kxg7 56. b5 Rh6 57. Kc5 Rh5+ 58. Kc6 Rh2 59. f3 Rh1 60. b6 Rc1+ 61.
Kd6 Rd1+ 62. Kc7 Rc1+ 63. Bc6 Rb1 64. b7 1-0

[Event "World Blitz 2025"]
[Site "Doha QAT"]
[Date "2025.12.29"]
[Round "9.54"]
[White "Nguyen, Ngoc Truong Son"]
[Black "Raja, Rithvik R"]
[Result "1-0"]
[WhiteTitle "GM"]
[BlackTitle "GM"]
[WhiteElo "2600"]
[BlackElo "2541"]
[WhiteFideId "12401110"]
[BlackFideId "35007394"]
[EventDate "2025.12.29"]

1. e4 c5 2. c3 Nf6 3. e5 Nd5 4. Bc4 Nb6 5. Bb3 d5 6. exd6 Qxd6 7. Na3 Nc6 8. Nf3
Be6 9. O-O c4 10. Bc2 Bd5 11. d3 cxd3 12. Qxd3 e6 13. Rd1 Rd8 14. Nb5 Qb8 15.
Qe3 Be7 16. b3 O-O 17. Bb2 Bf6 18. Ng5 g6 19. Rab1 Qe5 20. Qxe5 Bxe5 21. c4 Bxb2
22. cxd5 Nxd5 23. Rxb2 a6 24. Na3 Nc3 25. Rxd8 Rxd8 26. Nf3 Nb4 27. h3 Nbxa2 28.
b4 Nc1 29. b5 axb5 30. Nxb5 N1e2+ 31. Kh2 Nd5 32. Bxg6 Nef4 33. Be4 f5 34. Bxd5
Rxd5 35. Nbd4 e5 36. Nxf5 e4 37. Ne7+ 1-0

[Event "World Blitz 2025"]
[Site "Doha QAT"]
[Date "2025.12.29"]
[Round "9.55"]
[White "Ahmad, Khagan"]
[Black "Sasikiran, Krishnan"]
[Result "1/2-1/2"]
[WhiteTitle "IM"]
[BlackTitle "GM"]
[WhiteElo "2472"]
[BlackElo "2538"]
[WhiteFideId "13431552"]
[BlackFideId "5004985"]
[EventDate "2025.12.29"]

1. e4 c5 2. Nf3 d6 3. d4 cxd4 4. Qxd4 Nf6 5. Bg5 Nc6 6. Bb5 Bd7 7. Qd3 e6 8. Nc3
a6 9. Bxc6 Bxc6 10. O-O-O Be7 11. Nd4 Rc8 12. f4 Qc7 13. Kb1 O-O 14. f5 Bd7 15.
g4 b5 16. a3 Qb7 17. Bxf6 Bxf6 18. g5 Be5 19. Nce2 b4 20. fxe6 fxe6 21. Qb3 Qxe4
22. axb4 d5 23. Nc3 Qf4 24. Rhe1 Bxd4 25. Ne2 Qe3 26. Nxd4 Qxb3 27. Nxb3 Rf2 28.
Nc5 Be8 29. Kc1 a5 30. Rd2 Rxd2 31. Kxd2 axb4 32. Nxe6 Bg6 33. Nd4 Rc4 34. c3
bxc3+ 35. bxc3 Ra4 36. Re2 Be4 37. Rf2 h6 38. gxh6 gxh6 39. Ke3 Rc4 40. Ne2 Kg7
41. Rf1 Bg6 42. Rd1 Bh5 43. Rg1+ Kh7 44. Nf4 Bf7 45. Rc1 d4+ 46. Kf3 Rxc3+ 47.
Rxc3 dxc3 48. Ke3 Bb3 49. Ne2 c2 50. Kd2 Kg6 51. Nd4 Ba4 52. Nxc2 Bxc2 53. Kxc2
Kf5 54. Kd2 Kg4 55. Ke2 1/2-1/2

[Event "World Blitz 2025"]
[Site "Doha QAT"]
[Date "2025.12.29"]
[Round "9.56"]
[White "Mamedyarov, Shakhriyar"]
[Black "Suyarov, Mukhammadzokhid"]
[Result "1-0"]
[WhiteTitle "GM"]
[BlackTitle "IM"]
[WhiteElo "2730"]
[BlackElo "2454"]
[WhiteFideId "13401319"]
[BlackFideId "14210495"]
[EventDate "2025.12.29"]

1. c4 e6 2. Nc3 d5 3. d4 c6 4. Nf3 Nf6 5. Bg5 h6 6. Bxf6 Qxf6 7. e3 Nd7 8. h4 g6
9. Qd2 Bg7 10. O-O-O Qe7 11. Kb1 a6 12. e4 dxc4 13. e5 b5 14. Ne4 Kf8 15. g4 Nb6
16. Bg2 a5 17. g5 h5 18. Nf6 Nd5 19. Ne1 Ba6 20. Rc1 a4 21. a3 Qb7 22. Nc2 Ke7
23. Nb4 Rhd8 24. Rh3 Qb6 25. Rf3 Rac8 26. Rd1 Bb7 27. Nbxd5+ Rxd5 28. Qf4 Rf8
29. Qd2 Rfd8 30. Rf4 b4 31. Bxd5 cxd5 32. Qxb4+ Qxb4 33. axb4 Bc6 34. Re1 Rb8
35. Re3 Bxf6 36. gxf6+ Kd7 37. Rg3 Kc7 38. Ka2 Be8 39. Ka3 Kb6 40. Rxg6 fxg6 41.
f7 Bxf7 42. Rxf7 Rh8 43. Rf6 g5 44. hxg5 h4 45. Rxe6+ Kc7 46. Rh6 Rf8 47. Rxh4
Rxf2 48. Rg4 Rf1 49. Ka2 Rf2 50. g6 c3 51. g7 Rxb2+ 52. Ka1 1-0

[Event "World Blitz 2025"]
[Site "Doha QAT"]
[Date "2025.12.29"]
[Round "9.57"]
[White "Materia, Marco"]
[Black "Iturrizaga Bonelli, Eduardo"]
[Result "0-1"]
[WhiteTitle "IM"]
[BlackTitle "GM"]
[WhiteElo "2497"]
[BlackElo "2592"]
[WhiteFideId "45150451"]
[BlackFideId "3901211"]
[EventDate "2025.12.29"]

1. d4 Nf6 2. c4 e6 3. Nf3 Bb4+ 4. Bd2 Qe7 5. g3 Nc6 6. Nc3 d5 7. Bg2 O-O 8. O-O
dxc4 9. a3 Bd6 10. Qa4 e5 11. d5 Nb8 12. Qxc4 a6 13. e4 h6 14. Nh4 Rd8 15. Rae1
c6 16. f4 Qc7 17. fxe5 Bxe5 18. Bf4 Nbd7 19. dxc6 bxc6 20. Nf5 Re8 21. Kh1 Nb6
22. Qc5 Bxf5 23. exf5 Bxf4 24. Rxe8+ Rxe8 25. Rxf4 Re5 26. Qf2 c5 27. h4 h5 28.
Bf3 Qe7 29. Kg2 Re3 30. Qc2 Qe5 31. Bb7 Nbd5 32. Nxd5 Re2+ 33. Rf2 Rxc2 34.
Nxf6+ Qxf6 35. Rxc2 Qxf5 36. Re2 Qd7 37. Bf3 g6 38. Rf2 a5 39. Be2 Qd5+ 40. Bf3
Qd4 41. Bc6 Kg7 42. Be8 Qe4+ 0-1

[Event "World Blitz 2025"]
[Site "Doha QAT"]
[Date "2025.12.29"]
[Round "9.58"]
[White "Alekseenko, Kirill"]
[Black "Erdogmus, Yagiz Kaan"]
[Result "0-1"]
[WhiteTitle "GM"]
[BlackTitle "GM"]
[WhiteElo "2659"]
[BlackElo "2658"]
[WhiteFideId "4135539"]
[BlackFideId "44599790"]
[EventDate "2025.12.29"]

1. e4 e5 2. Nf3 Nc6 3. Bc4 Bc5 4. d3 Nf6 5. Nc3 a6 6. a4 h6 7. h3 O-O 8. g4 Bb4
9. g5 d5 10. gxf6 dxc4 11. fxg7 Re8 12. Bxh6 Qd6 13. Be3 cxd3 14. cxd3 Nd4 15.
Nxd4 exd4 16. Qh5 Kxg7 17. Rg1+ Kf8 18. Bg5 f6 19. Qh6+ Kf7 20. Bf4 Qc5 21. Rg7+
Ke6 22. Qg6 Re7 23. Qg4+ f5 24. Qg6+ Kd7 25. Rxe7+ Qxe7 26. Qxf5+ Qe6 27. Qh7+
Qe7 28. Qh8 dxc3 29. bxc3 Bd6 30. e5 Kc6 31. Kd2 Bc5 32. Rg1 Qf7 33. Qh6+ Be6
34. Rg6 Re8 35. d4 Bf8 36. Qg5 Be7 37. Qg2+ Kd7 38. Rg7 Qxf4+ 39. Kc2 Qf5+ 40.
Kb2 Kc8 41. h4 Qd3 42. h5 Ba3+ 0-1

[Event "World Blitz 2025"]
[Site "Doha QAT"]
[Date "2025.12.29"]
[Round "9.59"]
[White "Vetokhin, Savva"]
[Black "Santos Latasa, Jaime"]
[Result "1-0"]
[WhiteTitle "GM"]
[BlackTitle "GM"]
[WhiteElo "2572"]
[BlackElo "2616"]
[WhiteFideId "44144474"]
[BlackFideId "2293307"]
[EventDate "2025.12.29"]

1. d4 Nf6 2. c4 e6 3. Nc3 Bb4 4. e3 O-O 5. Bd3 d5 6. a3 Bxc3+ 7. bxc3 dxc4 8.
Bxc4 c5 9. Ne2 Qc7 10. Bd3 Nc6 11. Qc2 b6 12. e4 h6 13. O-O Bb7 14. Bf4 1-0

[Event "World Blitz 2025"]
[Site "Doha QAT"]
[Date "2025.12.29"]
[Round "9.60"]
[White "Dardha, Daniel"]
[Black "Mendonca, Leon Luke"]
[Result "0-1"]
[WhiteTitle "GM"]
[BlackTitle "GM"]
[WhiteElo "2603"]
[BlackElo "2615"]
[WhiteFideId "240990"]
[BlackFideId "35028561"]
[EventDate "2025.12.29"]

1. d4 Nf6 2. Bg5 e6 3. e4 h6 4. Bxf6 Qxf6 5. e5 Qe7 6. Nc3 d6 7. Nf3 g5 8. Bb5+
Bd7 9. Qe2 Bg7 10. O-O-O a6 11. Bxd7+ Nxd7 12. g4 O-O-O 13. Kb1 dxe5 14. dxe5
Qc5 15. Rhe1 Nb6 16. Ne4 Qc6 17. Ng3 Nc4 18. b3 Na3+ 19. Kb2 Nb5 20. c4 Na7 21.
Nh5 Bf8 22. Rxd8+ Kxd8 23. Nd4 Qb6 24. Rd1 Kc8 25. Nf6 Nc6 26. Nd7 Qa5 27. Nxc6
Ba3+ 28. Kc2 bxc6 29. Qe4 Kb7 30. Nf6 Qc5 31. Qd4 Qa5 32. Ne4 Be7 33. a4 Rd8 34.
Qc3 Bb4 35. Qa1 Rxd1 36. Kxd1 Be7 37. Qd4 Kc8 38. Kc2 Qe1 39. c5 Qe2+ 40. Nd2
Bf8 41. h3 Bg7 42. Qc4 Qxe5 43. Qxa6+ Kd7 44. Qc4 Qb2+ 45. Kd1 Be5 46. Qd3+ Ke7
47. Nc4 Qa1+ 48. Ke2 Bd4 49. Na5 Kf8 50. Nxc6 Bxc5 51. b4 Qa2+ 52. Qd2 Qc4+ 53.
Qd3 Qa2+ 54. Qd2 Qxa4 55. Qd8+ Kg7 56. Ne7 Qc2+ 57. Kf3 Qxf2+ 58. Ke4 Qe3# 0-1

[Event "World Blitz 2025"]
[Site "Doha QAT"]
[Date "2025.12.29"]
[Round "9.61"]
[White "Hong, Andrew"]
[Black "Mitrabha, Guha"]
[Result "1-0"]
[WhiteTitle "GM"]
[BlackTitle "GM"]
[WhiteElo "2568"]
[BlackElo "2508"]
[WhiteFideId "2099438"]
[BlackFideId "5057000"]
[EventDate "2025.12.29"]

1. e4 c6 2. d4 d5 3. e5 Bf5 4. h4 h6 5. g4 Bd7 6. h5 e6 7. Be3 Qc7 8. f4 c5 9.
Nf3 a6 10. Nbd2 cxd4 11. Nxd4 Ne7 12. Bd3 Nbc6 13. c3 Nxd4 14. cxd4 Nc6 15. Nb3
Nb4 16. Bb1 Rc8 17. Rh2 Bb5 18. a3 Qc4 19. Kf2 Ba4 20. axb4 Bxb3 21. Qf3 Bxb4
22. Kg3 Qc7 23. Bd3 Qd7 24. f5 Rc6 25. Rf2 Kd8 26. f6 Bf8 27. fxg7 Bxg7 28. Qxf7
Rc7 29. Qxd7+ Rxd7 30. Rc1 Rf8 31. Rxf8+ Bxf8 32. Rf1 Bg7 33. g5 hxg5 34. Bxg5+
Kc7 35. h6 Bc4 36. Rc1 Kb6 37. Bxc4 dxc4 38. hxg7 Rxg7 39. Kf4 Kb5 40. d5 exd5
41. e6 d4 42. e7 Rg8 43. Ke4 d3 44. Kd4 Rc8 45. Rf1 Rg8 46. Rf8 Rxg5 47. e8=Q+
Kb4 48. Qe7+ 1-0

[Event "World Blitz 2025"]
[Site "Doha QAT"]
[Date "2025.12.29"]
[Round "9.62"]
[White "Tin, Jingyao"]
[Black "Ibarra Jerez, Jose Carlos"]
[Result "0-1"]
[WhiteTitle "GM"]
[BlackTitle "GM"]
[WhiteElo "2584"]
[BlackElo "2532"]
[WhiteFideId "5804418"]
[BlackFideId "2226332"]
[EventDate "2025.12.29"]

1. d4 Nf6 2. c4 d6 3. Nf3 g6 4. Nc3 Bf5 5. h3 Ne4 6. Qb3 Nxc3 7. Qxc3 Bg7 8. g4
Be4 9. Bg2 O-O 10. Qe3 d5 11. Bd2 c5 12. dxc5 Bxb2 13. O-O Bxa1 14. Rxa1 Nc6 15.
cxd5 Qxd5 16. Bc3 f6 17. h4 e5 18. Rc1 Rad8 19. h5 g5 20. Ne1 Bxg2 21. Nxg2 Nd4
22. Bxd4 exd4 23. Qd3 Rfe8 24. Rc2 Kg7 25. f3 Re5 26. Kf2 Rc8 27. Ne1 Rxc5 28.
Rd2 Qc4 29. Qa3 Qc3 30. Rd3 0-1

[Event "World Blitz 2025"]
[Site "Doha QAT"]
[Date "2025.12.29"]
[Round "9.63"]
[White "Christiansen, Johan-Sebastian"]
[Black "Sapenov, Daniyal"]
[Result "1-0"]
[WhiteTitle "GM"]
[BlackTitle "IM"]
[WhiteElo "2655"]
[BlackElo "2440"]
[WhiteFideId "1512668"]
[BlackFideId "13728911"]
[EventDate "2025.12.29"]

1. e4 c6 2. d4 d5 3. Nd2 dxe4 4. Nxe4 Bf5 5. Ng3 Bg6 6. h4 h6 7. N1e2 Nf6 8. Nf4
Bh7 9. Bc4 e6 10. O-O Nd5 11. Re1 Be7 12. Ngh5 Kf8 13. Rxe6 Nxf4 14. Nxf4 g5 15.
Qh5 Qxd4 16. Rxc6 Bg8 17. Rc8+ Bd8 18. Be3 Qf6 19. Rd1 Nc6 20. Rxa8 gxf4 21.
Bc5+ Kg7 22. Raxd8 1-0

[Event "World Blitz 2025"]
[Site "Doha QAT"]
[Date "2025.12.29"]
[Round "9.64"]
[White "Zemlyanskii, Ivan"]
[Black "Chasin, Nico"]
[Result "1-0"]
[WhiteTitle "GM"]
[BlackTitle "IM"]
[WhiteElo "2592"]
[BlackElo "2517"]
[WhiteFideId "24249971"]
[BlackFideId "30908477"]
[EventDate "2025.12.29"]

1. d4 Nf6 2. c4 e6 3. Nc3 d5 4. cxd5 exd5 5. Bg5 Be7 6. e3 h6 7. Bh4 Nbd7 8. Bd3
c6 9. h3 O-O 10. Bg3 Re8 11. Nf3 Bb4 12. Qc2 Ne4 13. Bh2 Qa5 14. O-O Nxc3 15. a3
Ne4 16. axb4 Qxb4 17. Rfc1 Qe7 18. Qb3 Nf8 19. Ne5 Nd6 20. Qa3 Nf5 21. b4 f6 22.
Nf3 Bd7 23. Qb3 Nd6 24. b5 Qe6 25. bxc6 Bxc6 26. Nd2 a6 27. Qb4 Nf5 28. Nb3 Nh4
29. Nc5 Qe7 30. Qb1 Qf7 31. Bg3 Nhg6 32. Nxa6 h5 33. Nb4 Rxa1 34. Qxa1 Bd7 35.
Rc7 h4 36. Bh2 Rc8 37. Rxb7 Ne7 38. Bd6 Nc6 39. Nxc6 Rxc6 40. Bxf8 Kxf8 41. Bb5
Rd6 42. Qa3 Qe7 43. Bxd7 Rxd7 44. Qxe7+ Kxe7 45. Rxd7+ Kxd7 46. f3 Ke6 47. Kf2
f5 48. Ke2 g5 49. Kd3 Kd6 50. e4 Ke6 51. e5 f4 52. Kc3 Kd7 53. Kb4 Kc6 54. Ka5
Kc7 55. Kb5 Kd7 56. Kc5 Ke6 1-0

[Event "World Blitz 2025"]
[Site "Doha QAT"]
[Date "2025.12.29"]
[Round "9.65"]
[White "Samunenkov, Ihor"]
[Black "Idani, Pouya"]
[Result "1/2-1/2"]
[WhiteTitle "GM"]
[BlackTitle "GM"]
[WhiteElo "2584"]
[BlackElo "2611"]
[WhiteFideId "14187086"]
[BlackFideId "12510130"]
[EventDate "2025.12.29"]

1. d4 Nf6 2. c4 e6 3. Nc3 Bb4 4. g3 O-O 5. Bg2 d5 6. Nf3 dxc4 7. O-O Nc6 8. Re1
Rb8 9. a3 Ba5 10. Bg5 h6 11. Bh4 e5 12. Nxe5 Nxe5 13. dxe5 Qxd1 14. Rexd1 Ng4
15. Be7 Re8 16. Bc5 Bb6 17. Bxb6 axb6 18. f4 Ne3 19. Rd2 Bf5 20. Kf2 Ng4+ 21.
Kg1 Ne3 22. Bf3 Red8 23. Rxd8+ Rxd8 24. Kf2 Nc2 25. Rc1 Nd4 26. Bxb7 Nb3 27. Rd1
Rxd1 28. Nxd1 Kf8 29. e4 Bd7 30. Ke3 Ke7 31. Nc3 c6 32. f5 Kd8 33. e6 fxe6 34.
fxe6 Be8 35. Ba8 Nc5 36. Kd4 Nxe6+ 37. Kxc4 Kc7 38. b4 Kb8 39. Bxc6 Bxc6 40. a4
Kc7 41. a5 bxa5 42. bxa5 Ng5 43. Kd4 Nf3+ 44. Kc5 Ne5 45. a6 Nd7+ 46. Kd4 Kb6
47. Nd5+ Kxa6 48. Ne7 Kb6 49. Nf5 Nc5 50. Nxg7 Nxe4 51. Nf5 h5 52. h3 Ng5 53. g4
hxg4 54. hxg4 Kc7 55. Ke5 Nf3+ 56. Kf4 Kd7 57. Ne3 Bb7 58. Nf5 Ke6 59. Ng7+ Kf7
60. Nf5 Kf6 61. Nd6 Ba8 62. Ne4+ Bxe4 63. Kxe4 Nh2 64. g5+ Kxg5 1/2-1/2

[Event "World Blitz 2025"]
[Site "Doha QAT"]
[Date "2025.12.29"]
[Round "9.66"]
[White "Yakubboev, Nodirbek"]
[Black "Klukin, Kirill"]
[Result "1/2-1/2"]
[WhiteTitle "GM"]
[BlackTitle "IM"]
[WhiteElo "2691"]
[BlackElo "2414"]
[WhiteFideId "14203987"]
[BlackFideId "24199273"]
[EventDate "2025.12.29"]

1. c4 e6 2. g3 f5 3. Bg2 Nf6 4. Nc3 d5 5. cxd5 exd5 6. d4 c6 7. Bf4 Be7 8. Nf3
O-O 9. O-O Ne4 10. Qc2 Be6 11. Ne5 Nd7 12. Nd3 Bf6 13. Be3 Rc8 14. f3 Nd6 15.
Bf2 Re8 16. f4 Ne4 17. Ne5 Nxe5 18. dxe5 Be7 19. Nxe4 dxe4 20. g4 g6 21. gxf5
gxf5 22. Kh1 Kh8 23. Rg1 Rg8 24. e3 Bh4 25. Rad1 Qe7 26. Bxh4 Qxh4 27. Rd6 Rg6
28. Bf1 Rxg1+ 29. Kxg1 Rg8+ 30. Kh1 Bc4 31. Rd1 Qg4 32. Bg2 Be2 33. Rg1 Bf3 34.
e6 h5 35. e7 Kh7 36. Qf2 Bxg2+ 37. Qxg2 Re8 38. Qf1 Qh4 39. Rg5 Rxe7 40. Rxf5
Rg7 41. Qd1 Kh6 42. Qd6+ Kh7 43. Qd1 Kh6 44. Qd6+ Kh7 45. Qd1 Kh6 46. Qd6+ 1/2-1/2

[Event "World Blitz 2025"]
[Site "Doha QAT"]
[Date "2025.12.29"]
[Round "9.67"]
[White "Sahidi, Samir"]
[Black "Chigaev, Maksim"]
[Result "1-0"]
[WhiteTitle "IM"]
[BlackTitle "GM"]
[WhiteElo "2516"]
[BlackElo "2626"]
[WhiteFideId "14936372"]
[BlackFideId "4108116"]
[EventDate "2025.12.29"]

1. e4 e5 2. Nf3 Nc6 3. Bb5 a6 4. Ba4 d6 5. c3 f5 6. d3 Nf6 7. Nbd2 Be7 8. O-O
fxe4 9. Nxe4 Nxe4 10. dxe4 O-O 11. h3 Kh8 12. Be3 Qe8 13. Nd2 Qg6 14. Kh1 Bg5
15. Qe2 Bf4 16. Bxf4 Rxf4 17. Qe3 Bd7 18. Bxc6 bxc6 19. c4 c5 20. a3 Raf8 21. b4
Qh5 22. bxc5 Bxh3 23. gxh3 Rf3 24. Nxf3 Rxf3 25. Qxf3 Qxf3+ 26. Kh2 Qxe4 27.
cxd6 cxd6 28. Rfd1 Qxc4 29. Rxd6 h6 30. Re1 Qc5 31. Rd8+ Kh7 32. Re3 e4 33. Rd1
a5 34. Rde1 a4 35. Kg2 h5 36. Rb1 Qg5+ 37. Kf1 Qf5 38. Rb4 g6 39. Rbxe4 Kh6 40.
Kg2 Qg5+ 41. Kf1 Qb5+ 42. Kg1 Qg5+ 43. Rg3 Qc1+ 44. Kg2 Qc6 45. Re3 Qd5 46. h4
Qc6 47. Kg3 Qd6+ 48. f4 Qd1 49. f5 Qg1+ 50. Kf3 Qf1+ 51. Kg3 Qxf5 52. Rxa4 Qc5
53. Rae4 Qc1 54. Kf4 Qc7+ 55. Kf3 Qf7+ 56. Rf4 Qd5+ 57. Kg3 Qd1 58. Rfe4 Qg1+
59. Kf3 Qf1+ 60. Kg3 Qg1+ 61. Kf4 Qh2+ 62. Kf3 Qg1 63. Ke2 Qg2+ 64. Kd3 Qa2 65.
Kd4 Qb2+ 66. Rc3 Qb6+ 67. Kd3 Qd6+ 68. Rd4 Qa6+ 69. Kd2 Qf6 70. Rcd3 Qb6 71. a4
Qb2+ 72. Ke3 Qc1+ 73. Ke4 Qc6+ 74. Ke5 Qc5+ 75. Kf4 Qf5+ 76. Ke3 Qe5+ 77. Kd2
Qa5+ 78. Rc3 Qe5 79. Rdc4 Qd6+ 80. Kc2 Qh2+ 81. Kb3 Qb8+ 82. Ka3 Qd6+ 83. Rc5
Qe7 84. Rc4 Qe3+ 85. Kb4 Qd2+ 86. Kb5 Qb2+ 87. Ka6 Qb8 88. a5 Qa8+ 89. Kb5 Qb8+
90. Ka4 Qb7 91. Rc6 Qb2 92. a6 Qa2+ 93. Kb5 Qb3+ 94. Ka5 Qa3+ 95. Kb6 Qb3+ 96.
Kc7 Qa3 97. Kb7 Qb3+ 98. Ka8 Qb5 99. a7 Qb3 100. Rd4 Qf3 101. Rd6 Kh7 102. Kb7
Qb3+ 103. Kc8 Qg8+ 104. Rd8 1-0

[Event "World Blitz 2025"]
[Site "Doha QAT"]
[Date "2025.12.29"]
[Round "9.68"]
[White "Iniyan, Pa"]
[Black "Salinas Herrera, Pablo"]
[Result "0-1"]
[WhiteTitle "GM"]
[BlackTitle "GM"]
[WhiteElo "2598"]
[BlackElo "2473"]
[WhiteFideId "25002767"]
[BlackFideId "3407128"]
[EventDate "2025.12.29"]

1. d4 d5 2. c4 e6 3. Nc3 Nf6 4. Bg5 Nbd7 5. e3 c6 6. Qc2 Qa5 7. Bh4 Bb4 8. Bd3
O-O 9. Ne2 Bd6 10. c5 Bb8 11. a3 e5 12. Bf5 e4 13. b4 Qd8 14. f3 Nxc5 15. bxc5
Bxf5 16. fxe4 dxe4 17. Rf1 Bg6 18. Nf4 b6 19. cxb6 axb6 20. Qb3 Bxf4 21. Rxf4 c5
22. Bxf6 gxf6 23. dxc5 Qd3 24. Kf2 bxc5 25. a4 Rab8 26. Qa3 Qc2+ 27. Ne2 Rb2 28.
Re1 Rd8 29. Kg3 Rd3 30. Qa1 Rxe3+ 0-1